music trivia: 1977 songs and artists - Statistics

General Stats
  • This quiz has been taken 143 times
  • The average score is 8 of 15
Answer Stats
I'll give you a song title... ...and you give me the name of the artist/group that made it % Correct
Cold as Ice Foreigner
83%
Sir Duke Stevie Wonder
83%
Only the Good Die Young Billy Joel
72%
Car Wash Rose Royce
66%
Brick House Commodores
61%
Mull of Kintyre Wings
61%
Lido Shuffle Boz Scaggs
60%
Peg Steely Dan
57%
Don't Give Up On Us David Soul
54%
The Name of the Game Abba
50%
Lovely Day Bill Withers
49%
Southern Nights Glen Campbell
48%
Best of My Love The Emotions
39%
Strawberry Letter 23 The Brothers Johnson
32%
Just a Song Before I Go Crosby, Stills and Nash
30%
No matching quizzes found
Score Distribution
Percent of People with Each Score
Percentile by Number Answered
Your Score History
You have not taken this quiz